Statistics for Most Used Twitch Emotes

Click here to take the quiz!

General Stats

  • This quiz has been taken 987 times
    (750 since last reset)
  • The average score is 5 of 15

Answer Stats

Times UsedAnswer% Correct
1.5 billionLUL
76%
840 millionKappa
72%
1.7 billionTriHard
49%
120 millionDansGame
38%
290 million4Head
30%
420 millionBibleThump
28%
210 millionKreygasm
27%
150 millionWutFace
27%
450 millioncmonBruh
24%
130 millionResidentSleeper
23%
190 millionNotLikeThis
22%
160 millionKappaPride
20%
550 millionSMOrc
13%
110 millionBloodTrail
7%
200 millionCurseLit
6%

Score Distribution

Percentile by Number Answered

Percent of People with Each Score

Your Score History

You have not taken this quiz since the last reset